| 000 -LEADER |
| fixed length control field |
01707cam a2200253 i 4500 |
| 003 - CONTROL NUMBER IDENTIFIER |
| control field |
OSt |
| 005 - DATE AND TIME OF LATEST TRANSACTION |
| control field |
20220412141719.0 |
| 008 - FIXED-LENGTH DATA ELEMENTS--GENERAL INFORMATION |
| fixed length control field |
190214s2019 enk b 001 0 eng |
| 020 ## - INTERNATIONAL STANDARD BOOK NUMBER |
| International Standard Book Number |
9781138615106 |
| Qualifying information |
(pbk.) |
| 042 ## - AUTHENTICATION CODE |
| Authentication code |
pcc |
| 082 00 - DEWEY DECIMAL CLASSIFICATION NUMBER |
| Classification number |
307.1/16 |
| Edition number |
23 |
| 100 1# - MAIN ENTRY--PERSONAL NAME |
| Personal name |
Thorpe, Dave, |
| Dates associated with a name |
1954- |
| Relator term |
author. |
| 245 10 - TITLE STATEMENT |
| Title |
"One planet" cities : |
| Remainder of title |
sustaining humanity within planetary limits / |
| Statement of responsibility, etc |
David Thorpe. |
| 300 ## - PHYSICAL DESCRIPTION |
| Extent |
xxii, 308 pages ; |
| Dimensions |
25 cm |
| 504 ## - BIBLIOGRAPHY, ETC. NOTE |
| Bibliography, etc |
Includes bibliographical references and index. |
| 505 0# - FORMATTED CONTENTS NOTE |
| Formatted contents note |
Introduction : it's time to end humanity's war on nature -- Do the stories we tell influence the future we will live in? -- The ultimate problem: humanity's limits to growth -- Ecological footprinting and other standards -- Choosing which standards to use -- Feeding cities while saving the planet -- Regenerative cities -- Zero carbon cities -- Transforming industry-- Managing water in the age of change -- 'One planet' neighbourhoods -- Buildings in a 'one planet' city -- Mobility in a 'one planet' city -- How smart is a 'smart city'? -- Financing the way to a 'one planet' future -- A menu of case studies -- Wales and one planet development -- Six steps to a one planet city -- One day in a one planet city : a short story--Index of people--Index of places--Index of topics. |
| 650 #0 - SUBJECT ADDED ENTRY--TOPICAL TERM |
| Topical term or geographic name as entry element |
Sustainable urban development. |
| 650 #0 - SUBJECT ADDED ENTRY--TOPICAL TERM |
| Topical term or geographic name as entry element |
City planning |
| General subdivision |
Environmental aspects. |
| 650 #0 - SUBJECT ADDED ENTRY--TOPICAL TERM |
| Topical term or geographic name as entry element |
Sustainable development. |
| 650 #0 - SUBJECT ADDED ENTRY--TOPICAL TERM |
| Topical term or geographic name as entry element |
Sustainable living. |
| 776 08 - ADDITIONAL PHYSICAL FORM ENTRY |
| Display text |
Online version: |
| Main entry heading |
Thorpe, Dave, 1954- author. |
| Title |
"One planet" cities |
| Place, publisher, and date of publication |
Abingdon, Oxon ; New York, NY : Routledge, 2019 |
| International Standard Book Number |
9780429463402 |
| Record control number |
(DLC) 2019007673 |
| 906 ## - LOCAL DATA ELEMENT F, LDF (RLIN) |
| a |
7 |
| b |
cbc |
| c |
orignew |
| d |
1 |
| e |
ecip |
| f |
20 |
| g |
y-gencatlg |
| 942 ## - ADDED ENTRY ELEMENTS (KOHA) |
| Source of classification or shelving scheme |
|